| 000 | 00707nam a2200241Ia 4500 | ||
|---|---|---|---|
| 008 | 220216s9999 xx 000 0 und d | ||
| 100 | _aYehia A A | ||
| 245 | 0 | _aMechano-chemical reclamation of waste rubber powder and its effect on the performance of NR and SBR vulcanizates | |
| 260 |
_bJournal of Elastomers and Plastics _c2004 |
||
| 300 | _a109-123 | ||
| 650 | _aMechano-chemical reclamation | ||
| 650 | _aMooney viscosity | ||
| 650 | _aRecycling | ||
| 650 | _aRubber waste | ||
| 650 | _aRubber/reclaim blends | ||
| 650 | _aSol-gel fractions | ||
| 650 | _aThermal aging | ||
| 700 | _aAbdel-Bary E M | ||
| 700 | _aHefny Y A | ||
| 700 | _aIsmail M N | ||
| 700 | _aMull M A | ||
| 942 | _cJS | ||
| 999 |
_c62801 _d62801 |
||